Давсонит в вулканитах Присаянья; Проблемы геологии рудных районов Западной Сибири

Bibliografiske detaljer
Parent link:Проблемы геологии рудных районов Западной Сибири.— 1986.— С. 19
Andre forfattere: Язиков Е. Г. Егор Григорьевич, Рихванов Л. П. Леонид Петрович, Карпенко М. В., Сарнаев С. И., Седышев С. А.
Summary:В фонде НТБ ТПУ отсутствует
Sprog:russisk
Udgivet: 1986
Fag:
Format: MixedMaterials Book Chapter
KOHA link:https://koha.lib.tpu.ru/cgi-bin/koha/opac-detail.pl?biblionumber=598176

MARC

LEADER 00000naa0a2200000 4500
001 598176
005 20250228160105.0
035 |a (RuTPU)RU\TPU\tpu\21726 
035 |a RU\TPU\tpu\16390 
090 |a 598176 
100 |a 20120912d1986 k y0rusy50 ca 
101 0 |a rus 
102 |a RU 
200 1 |a Давсонит в вулканитах Присаянья  |f Е. Г. Язиков [и др.] 
333 |a В фонде НТБ ТПУ отсутствует 
463 |t Проблемы геологии рудных районов Западной Сибири  |o тезисы докладов научно-практической конференции, ноябрь 1986  |v С. 19  |d 1986 
610 1 |a труды учёных ТПУ 
701 1 |a Язиков  |b Е. Г.  |c специалист в области геологии и минералогии  |c профессор Томского политехнического университета, доктор геолого-минералогических наук, заместитель проректора по образовательной и международной деятельности  |f 1955-  |g Егор Григорьевич  |3 (RuTPU)RU\TPU\pers\26057  |9 11896 
701 1 |a Рихванов  |b Л. П.  |c российский ученый, геолог  |c профессор Томского политехнического университета, доктор геолого-минералогических наук  |c заслуженный геолог РФ  |c почетный работник высшего образования РФ  |f 1945-  |g Леонид Петрович  |3 (RuTPU)RU\TPU\pers\23187  |4 070 
701 1 |a Карпенко  |b М. В. 
701 1 |a Сарнаев  |b С. И. 
701 1 |a Седышев  |b С. А. 
801 1 |a RU  |b 63413507  |c 20090806  |g PSBO 
801 2 |a RU  |b 63413507  |c 20130109  |g RCR 
942 |c BK